[Event "Skanska Open"]
[Site "Pardubice CZE"]
[Date "2004.07.23"]
[Round "1"]
[White "Zhigalko,A"]
[Black "Melnikova,Y"]
[Result "1-0"]
[WhiteElo "2478"]
[BlackElo "2264"]

1.e4 c5 2.Nf3 Nc6 3.d4 cxd4 4.Nxd4 Nf6 5.Nc3 d6 6.Bg5 Qb6 7.Nb3 e6 8.Qd2 Be7
9.O-O-O O-O 10.f3 Rd8 11.Nb5 Rd7 12.Qe1 Qd8 13.Kb1 a6 14.N5d4 Bf8 15.g4 h6
16.Bc1 e5 17.Nf5 d5 18.Rg1 Nh7 19.Bd3 dxe4 20.Qxe4 Nf6 21.Qe2 Nd5 22.g5 hxg5
23.Bxg5 Qb6 24.Nh6+ Kh8 25.Qe4 g6 26.Qh4 Kg7 27.Nxf7 Nde7 28.Bc4  1-0

[Event "Open"]
[Site "Balatonlelle HUN"]
[Date "2004.07.24"]
[Round "6"]
[White "Racz,Z"]
[Black "Liptay,L"]
[Result "1-0"]
[WhiteElo "2252"]
[BlackElo "2372"]

1.e4 c5 2.Nf3 Nc6 3.d4 cxd4 4.Nxd4 Nf6 5.Nc3 d6 6.Bg5 e6 7.Qd2 Be7 8.O-O-O O-O
9.Nb3 Qb6 10.f3 Rd8 11.Kb1 a6 12.Be3 Qc7 13.Qf2 Nd7 14.g4 Nce5 15.g5 b5 16.Rg1 Rb8
17.f4 Nc4 18.Bc1 Ndb6 19.f5 b4 20.Ne2 exf5 21.exf5 a5 22.f6 Bf8 23.Nf4 a4
24.Nd4 b3 25.cxb3 axb3 26.axb3 Ne5 27.fxg7 Bxg7 28.Nh5 Bb7 29.Nf6+ Bxf6 30.gxf6+ Kh8
31.Qh4 Ng6 32.Qh6 Rg8 33.Rg5 Ne5 34.Qxh7+ Kxh7 35.Rh5+  1-0

[Event "GM"]
[Site "Balatonlelle HUN"]
[Date "2004.07.24"]
[Round "6"]
[White "Boros,De"]
[Black "Brueggemann,Jo"]
[Result "1-0"]
[WhiteElo "2401"]
[BlackElo "2408"]

1.e4 c5 2.Nf3 Nc6 3.d4 cxd4 4.Nxd4 Nf6 5.Nc3 d6 6.Bg5 e6 7.Qd2 h6 8.Bxf6 gxf6
9.O-O-O a6 10.f4 Bd7 11.Kb1 Qc7 12.Be2 h5 13.Rhf1 Be7 14.Rf3 Nxd4 15.Qxd4 Qc5
16.Qd2 Bc6 17.Re3 Rc8 18.Bf3 Rc7 19.Ne2 Bd7 20.f5 Qe5 21.g3 h4 22.Nf4 hxg3
23.fxe6 Ba4 24.exf7+ Kxf7 25.b3 Qxf4 26.hxg3 Qe5 27.bxa4 Rc5 28.Rd3 b5 29.Rd5 Rxd5
30.Qxd5+ Kg6 31.Qxe5 fxe5 32.axb5 axb5 33.Rd5 Rh3 34.Rxb5 Rxg3 35.Be2 Kg5
36.Bd3 Kf4 37.a4 Rg8 38.Rb7 Bh4 39.a5 Bf2 40.a6 Bc5 41.Kb2 Ke3 42.Kc3 Ra8
43.Kb3 d5 44.exd5 e4 45.Bf1 Kd4 46.Bc4 e3 47.c3+ Ke5 48.Ka4 e2 49.Rb1 Kd6
50.Bxe2 Rh8 51.Bc4 Rh3 52.Kb5 Rxc3 53.Rh1 Be3 54.Rh3  1-0

[Event "ch-Montenegro"]
[Site "Bijelo Polje SCG"]
[Date "2004.07.24"]
[Round "9"]
[White "Kalezic,B"]
[Black "Rabrenovic,M"]
[Result "1-0"]
[WhiteElo "2446"]
[BlackElo "2300"]

1.e4 c5 2.Nf3 d6 3.d4 cxd4 4.Nxd4 Nf6 5.Nc3 Nc6 6.Bg5 e6 7.Qd2 Be7 8.f3 O-O
9.O-O-O Nxd4 10.Qxd4 a6 11.Qg1 Qa5 12.Be3 Nd7 13.Kb1 b5 14.g4 b4 15.Ne2 Bb7
16.h4 Rfc8 17.Nf4 Ne5 18.Qf2 Qc7 19.Rc1 a5 20.Nd3 Nc4 21.g5 d5 22.e5 Nxe5
23.Nxe5 Qxe5 24.f4 Qc7 25.Rh3 Bc5 26.h5 Bxe3 27.Qxe3 Qc5 28.Qd2 d4 29.g6 Be4
30.gxf7+ Kxf7 31.Rg3 Rd8 32.Bg2 Qd5 33.Rg5 Qc6 34.Rg1 g6 35.hxg6+ hxg6 36.Rxg6 Rg8
37.f5 Rxg6 38.fxg6+ Kg8 39.Bxe4 Qxe4 40.Qh6 Qb7 41.g7 Kf7 42.Qg6+ Kg8 43.Qxe6+  1-0

[Event "7th Open"]
[Site "Korinthos GRE"]
[Date "2004.07.24"]
[Round "4"]
[White "Simeonidis,I"]
[Black "Gelashvili,T"]
[Result "0-1"]
[WhiteElo "2306"]
[BlackElo "2573"]

1.e4 c5 2.Nf3 d6 3.d4 cxd4 4.Nxd4 Nf6 5.Nc3 Nc6 6.Bg5 e6 7.Qd2 Be7 8.O-O-O Nxd4
9.Qxd4 a6 10.f4 b5 11.Bxf6 gxf6 12.Be2 Rb8 13.Bf3 Qb6 14.Qd2 Bb7 15.Kb1 b4
16.Ne2 a5 17.Rhf1 Rd8 18.f5 e5 19.Qh6 Rc8 20.Rd2 a4 21.Rfd1 a3 22.b3 Ba6
23.c4 bxc3 24.Rc2 Bxe2 25.Bxe2 Bd8 26.Qc1 Qb4 27.Bf3 Bb6 28.Rd5 Ke7 29.g4 h6
30.h4 Bd4 31.Qf1 Rc5 32.Rxc5 Qxc5 33.Qa6 Rc8 34.Be2 Be3 35.Qc4 Bd2 36.Qxc5 dxc5
37.h5 Rd8 38.Bc4 Rd4 39.Bd5 Rxd5 40.exd5 e4  0-1

[Event "GM"]
[Site "Balatonlelle HUN"]
[Date "2004.07.25"]
[Round "7"]
[White "Horvath,Ad1"]
[Black "Boros,De"]
[Result "1/2-1/2"]
[WhiteElo "2528"]
[BlackElo "2401"]

1.e4 c5 2.Nf3 d6 3.d4 cxd4 4.Nxd4 Nf6 5.Nc3 Nc6 6.Bg5 Bd7 7.Qd2 Rc8 8.f4 h6
9.Bxf6 gxf6 10.Nf5 Qa5 11.Ne3 Bg7 12.Bd3 f5 13.exf5 Nb4 14.Be4 Nxc2+ 15.Bxc2 Rxc3
16.Kf2 Rc5 17.b4 Rxc2 18.Qxc2 Qxb4 19.Rab1 Qxf4+ 20.Ke2 Bd4 21.Qd3 Bxe3 22.Qxe3 Qg4+
23.Ke1 Bc6 24.Rf1 Kd7 25.g3 Qa4 26.Rf2 Qa5+ 27.Kf1 Qd5 28.Ke1 Qh1+ 29.Rf1 Qxh2
30.Qf2 Qh3 31.Rb4 Rg8 32.Rg1 Rg4 33.Rf4 Rxf4 34.Qxf4 Qh2 35.Qf2 Qh5 36.g4 Qg5
37.Qxa7 Qc1+ 38.Kf2 Qf4+ 39.Ke1 Qc1+ 40.Ke2 Bb5+ 41.Kf3 Bc6+ 42.Ke2 Qc2+
43.Ke1 Qc3+ 44.Ke2 Qc2+ 45.Ke1 h5 46.gxh5 Qxf5 47.Rg8 Qxh5 48.Qb8 Qe5+ 49.Kf2 Qf4+
50.Kg1 Ke6 51.Qc8+ Kd5 52.Qd8 Qe3+ 53.Kh2 Qh6+ 54.Kg1 Qc1+ 55.Kh2 Ke6 56.Kg3 Qe3+
57.Kh2 Qf2+ 58.Kh3 Be4 59.Qc8+ Kf6 60.Rg4 Bf5 61.Qh8+ Ke6 62.Qc8+ Kd5 63.Qc4+ Ke5
64.Qc3+ Ke6 65.Qc8+  1/2-1/2

[Event "Mark Pinto IM"]
[Site "San Francisco USA"]
[Date "2004.07.25"]
[Round "5"]
[White "Stein,Alex"]
[Black "Lobo,Ri"]
[Result "1/2-1/2"]
[WhiteElo "2339"]
[BlackElo "2277"]

1.e4 c5 2.Nf3 d6 3.d4 cxd4 4.Nxd4 Nf6 5.Nc3 Nc6 6.Bg5 e6 7.Qd2 a6 8.O-O-O Nxd4
9.Qxd4 Be7 10.f4 b5 11.Be2 Bb7 12.Bf3 Rc8 13.Bxf6 Bxf6 14.Qxd6 Qxd6 15.Rxd6 Bxc3
16.bxc3 Rxc3 17.Rb6 Rc7 18.e5 Bc8  1/2-1/2

[Event "GM"]
[Site "Balatonlelle HUN"]
[Date "2004.07.26"]
[Round "8"]
[White "Boros,De"]
[Black "Balogh,C"]
[Result "1-0"]
[WhiteElo "2401"]
[BlackElo "2513"]

1.e4 c5 2.Nf3 d6 3.d4 cxd4 4.Nxd4 Nf6 5.Nc3 Nc6 6.Bg5 e6 7.Qd2 Be7 8.O-O-O Qb6
9.Be3 Ng4 10.Nxc6 Nxe3 11.Nxe7 Nxd1 12.Na4 Qc7 13.Nxc8 Rxc8 14.Bb5+ Ke7 15.Rxd1 Rhd8
16.Nc3 a6 17.Bd3 Kf8 18.f4 Qc5 19.Rf1 Kg8 20.Ne2 Re8 21.Kb1 b5 22.g4 b4 23.f5 a5
24.f6 Qe5 25.fxg7 Qxh2 26.Qe3 Rc5 27.Ng3 Rec8 28.Rh1 Rxc2 29.Rxh2 Rxh2 30.Be2 a4
31.Qg1 Rh3 32.Qg2 Rh4 33.Nh5 a3 34.Bf3 b3 35.axb3 Rc1+ 36.Ka2  1-0

[Event "Open"]
[Site "Balatonlelle HUN"]
[Date "2004.07.26"]
[Round "8"]
[White "Kottmair,T"]
[Black "Liptay,L"]
[Result "1/2-1/2"]
[WhiteElo "2243"]
[BlackElo "2372"]

1.e4 c5 2.Nf3 Nc6 3.d4 cxd4 4.Nxd4 Nf6 5.Nc3 d6 6.Bg5 Bd7 7.f3 Qa5 8.Bh4 a6
9.Nb3 Qd8 10.Nd5 e6 11.Nxf6+ gxf6 12.Qd2 Be7 13.O-O-O Qc7 14.Qc3 Qd8 15.f4 Rc8
16.Kb1 d5 17.exd5 Nb4 18.Qf3 Nxd5 19.c4 Nb4 20.a3 Nc6 21.Qc3 Rg8 22.Bd3 f5
23.Bxe7 Nxe7 24.g4 Rxg4 25.Be2 Rg8 26.Rd2 Qc7 27.Rhd1 Bc6 28.Bh5 Ng6 29.Bxg6 hxg6
30.Nc5 Ke7 31.Nd7 Bxd7 32.Qb4+ Ke8 33.Rxd7 Qxd7 34.Rxd7 Kxd7 35.Qxb7+ Rc7
36.Qxa6 Ra8 37.Qb5+ Ke7 38.b3 f6 39.a4 g5 40.fxg5 fxg5 41.Qe5 Kf7 42.Qg3 Kf6
43.h4 gxh4 44.Qxh4+ Ke5 45.Qg3+ f4 46.Qg5+ Ke4 47.Qg6+ Ke5  1/2-1/2

[Event "MTO"]
[Site "Biel SUI"]
[Date "2004.07.27"]
[Round "8"]
[White "Mahesh Chandran,P"]
[Black "Rashkovsky,N"]
[Result "1-0"]
[WhiteElo "2441"]
[BlackElo "2511"]

1.e4 c5 2.Nf3 d6 3.d4 cxd4 4.Nxd4 Nf6 5.Nc3 Nc6 6.Bg5 Bd7 7.Qd2 Rc8 8.O-O-O a6
9.Kb1 e6 10.f4 Be7 11.Nf3 h6 12.Bxf6 Bxf6 13.e5 dxe5 14.Ne4 exf4 15.Nd6+ Ke7
16.Bc4 Qc7 17.Qxf4 Kf8 18.Rhf1 Rd8 19.Bb3 Be8 20.Rd3 Be7 21.Rfd1 Bxd6 22.Rxd6 Rxd6
23.Rxd6 Kg8 24.c3 h5 25.Ng5 g6 26.g3 Qa5 27.Bxe6 fxe6 28.Rxe6 Qd8 29.Rd6 Qe7
30.Re6 Qd7 31.Kc1 Rh7 32.Qc4 Bf7 33.Rxg6+ Kh8 34.Qf4 Rg7 35.Qf6 Bxg6 36.Qf8+ Rg8
37.Qh6+ Qh7 38.Nxh7 Bxh7 39.Qf6+ Rg7 40.Qf8+ Bg8 41.Qf6 Kh7 42.Qf8 Rg6 43.Qf5 Kh6
44.Qf4+ Kh7 45.Qf5 Be6 46.Qxh5+ Kg7 47.Qf3 Bxa2 48.Qf4 Rf6 49.Qg5+ Kf7 50.h4 Ne7
51.Qh5+ Kf8 52.Qe5 Rf1+ 53.Kd2 Bd5 54.h5 Rf2+ 55.Ke3 Rf3+ 56.Ke2 Rf5 57.Qh8+ Kf7
58.h6 Rg5 59.Qd4 Ng6 60.Qg7+ Ke6 61.Kf2 Rf5+ 62.Ke3 Rg5 63.h7 Rxg3+ 64.Kd4 Rg4+
65.Kc5 Rc4+ 66.Kb6 Rc6+ 67.Kxb7 Rd6+ 68.Kc8 Rc6+ 69.Kb8 Be4 70.Qxg6+ Bxg6
71.h8=Q Rb6+ 72.Kc7 Rxb2 73.c4 Rc2 74.Qd4 a5 75.Qd5+ Kf6 76.c5 a4 77.Qd4+  1-0

[Event "7th Open"]
[Site "Korinthos GRE"]
[Date "2004.07.28"]
[Round "8"]
[White "Belov,Vl"]
[Black "Perunovic,Mil"]
[Result "1/2-1/2"]
[WhiteElo "2532"]
[BlackElo "2555"]

1.e4 c5 2.Nf3 Nc6 3.d4 cxd4 4.Nxd4 Nf6 5.Nc3 d6 6.Bg5 e6 7.Qd2 Be7 8.O-O-O Nxd4
9.Qxd4 O-O 10.f4 Qa5 11.Bc4 Bd7 12.e5 dxe5 13.fxe5 Bc6 14.Bd2 Nd7 15.Nd5 Qd8
16.Nxe7+ Qxe7 17.Rde1 Rfd8 18.Qf2 b5 19.Bf1 a5 20.h4 Rdc8 21.h5 h6 22.Rh4 Nc5
23.Rg4 Kh8 24.Rf4 Rc7 25.Kb1 b4 26.g4 Bd5 27.Bg2 Rac8 28.Rc1 Kg8 29.g5 Qxg5
30.Bxd5 exd5 31.Rf5 Qe7 32.Qg2 Qe6 33.Rg1 f6 34.Rxf6 Qxe5 35.Rg6 Na4 36.Bc1 Kh8
37.Qd2 Qf5 38.R1g2 Nc5 39.Qe3 Nd3 40.Qe6 Qxe6 41.Rxe6 Nc5 42.Re5 d4 43.Rd5 d3
44.b3 a4 45.Bb2 Rf8 46.Bc1 Rf1 47.bxa4 Nxa4 48.Rxd3 Nc3+ 49.Kb2 Ra7 50.Rd8+ Kh7
51.Rd4 Rxa2+ 52.Kb3 Ra7 53.Bb2 Rb1 54.Rxb4 Ne2 55.Rb5 Nf4 56.Rg4 Nxh5 57.c4 Nf6
58.Rg2 Rc7 59.Rc2 Nd7 60.c5 Nxc5+ 61.Rcxc5 Rxc5 62.Rxc5 Rg1 63.Bd4 Rg5 64.Rc6 h5
65.Kc4 h4 66.Kd3 h3 67.Rc1 Kg6 68.Ke3 Kh5 69.Kf3 Rf5+ 70.Kg3 Rd5 71.Be3 Rd3
72.Re1 Kg6 73.Kxh3 Kf5 74.Kg2 Kg6 75.Kf3 Kf7 76.Ra1 Rd7 77.Kg4 Rb7 78.Bf4 Kg6
79.Ra6+ Kh7 80.Be5 Re7 81.Kf5 Rf7+ 82.Ke6 Rb7 83.Ra2 Kg8 84.Bd4 Kh7 85.Ra1 Kg8
86.Bc5 Kh7 87.Be7 Kg8 88.Rg1 Rb6+ 89.Bd6 Rb7 90.Rg4 Kh7 91.Rc4 Kg8 92.Bc7 Ra7
93.Rc3 Ra6+ 94.Bd6 Ra7 95.Be7 Ra6+ 96.Kd7 Ra7+ 97.Ke8 Ra8+ 98.Bd8 Ra7 99.Rf3 Rb7
100.Ra3 Rb1 101.Ra7 Re1+ 102.Be7 Re2 103.Kd7 Kf7 104.Bd6 Kg6 105.Kc6 Rf2
106.Kd5 Rf7 107.Be7 Rf1 108.Bd6 Rf7 109.Ra3 Kh7 110.Ke6 Rb7 111.Kf5 Rf7+
112.Kg5 Rb7 113.Rh3+ Kg8 114.Kg6 Rb6 115.Rd3 Ra6 116.Rd2 Rb6 117.Kf5  1/2-1/2

[Event "MTO"]
[Site "Biel SUI"]
[Date "2004.07.29"]
[Round "10"]
[White "Malysheva,P"]
[Black "Wells,P"]
[Result "0-1"]
[WhiteElo "2364"]
[BlackElo "2494"]

1.e4 c5 2.Nf3 Nc6 3.d4 cxd4 4.Nxd4 Nf6 5.Nc3 d6 6.Bg5 e6 7.Qd2 Be7 8.f4 h6
9.Bxf6 Bxf6 10.Ndb5 O-O 11.Nxd6 e5 12.Nxc8 Rxc8 13.Qxd8 Bxd8 14.g3 Ba5 15.O-O-O Bxc3
16.bxc3 Rc7 17.Bh3 Na5 18.Rd5 Nc4 19.Rd7 Rfc8 20.Rhd1 g5 21.R7d3 Re8 22.fxg5 hxg5
23.Bf5 Kg7 24.h4 Rh8 25.Rd8 Rxd8 26.Rxd8 gxh4 27.gxh4 Ne3 28.Bh3 Rxc3 29.Kd2 Ra3
30.c3 Nc4+ 31.Kd3 b5 32.Rb8 a6 33.Kc2 Rxa2+ 34.Kb1 Re2 35.Bc8 Re1+ 36.Kc2 Re2+
37.Kc1 Re1+ 38.Kc2 Re2+ 39.Kc1 Ra2 40.h5 Ra1+ 41.Kc2 Ra2+ 42.Kc1 Kh6 43.Bg4 Rf2
44.Bc8 Rf6 45.Ra8 a5 46.Rb8 Kxh5 47.Bd7 Rf1+ 48.Kc2 Rf2+ 49.Kb1 Rf1+  0-1

[Event "Open Dutch Champ"]
[Site "Dieren NED"]
[Date "2004.07.31"]
[Round "5"]
[White "Van Blitterswijk,S"]
[Black "Brandenburg,D"]
[Result "0-1"]
[WhiteElo "2406"]
[BlackElo "2291"]

1.e4 c5 2.Nf3 d6 3.d4 cxd4 4.Nxd4 Nf6 5.Nc3 Nc6 6.Bg5 e6 7.Qd2 a6 8.O-O-O Bd7
9.f4 b5 10.Bxf6 gxf6 11.Nxc6 Bxc6 12.Bd3 Qb6 13.Rhe1 O-O-O 14.Kb1 Kb8 15.g3 h5
16.a3 a5 17.Na2 d5 18.exd5 Bxd5 19.Qe2 b4 20.axb4 Bxb4 21.Nxb4 Qxb4 22.c3 Qb6
23.c4 Bc6 24.Rc1 h4 25.c5 Qb7 26.Rc3 hxg3 27.hxg3 Rd4 28.Ba6 Qb4 29.Rec1 Rhd8
30.Rc4 Be4+ 31.Ka2 Bd5 32.c6 Bxc4+ 33.Bxc4 Rd2 34.c7+ Kxc7 35.Bb3+ Kb8 36.Qa6 R2d6
37.Qf1 Rb6 38.Qc4 Qxc4 39.Rxc4 Rd3 40.Ba4 Rb4  0-1

[Event "Open"]
[Site "Kavala GRE"]
[Date "2004.08.03"]
[Round "5"]
[White "Dembo,Y"]
[Black "Lupulescu,C"]
[Result "0-1"]
[WhiteElo "2423"]
[BlackElo "2555"]

1.e4 c5 2.Nf3 d6 3.d4 cxd4 4.Nxd4 Nf6 5.Nc3 Nc6 6.Bg5 e6 7.Qd2 Qb6 8.Nb3 a6
9.O-O-O Qc7 10.f3 Rb8 11.Bd3 b5 12.Kb1 Be7 13.g4 O-O 14.h4 b4 15.Ne2 a5 16.Nbd4 a4
17.Nxc6 Qxc6 18.Nd4 Qa8 19.Be3 e5 20.Ne2 Be6 21.Nc1 d5 22.g5 d4 23.gxf6 dxe3
24.Qxe3 Bxf6 25.Rh2 Qc6 26.Ne2 Rfc8 27.b3 Ra8 28.Nc1 Qc3 29.Qd2 Qc5 30.Rg2 Kh8
31.h5 h6 32.Qf2 Qe7 33.Rdg1 Bg5 34.f4 Bxf4 35.Rxg7 Bg5  0-1

[Event "Open"]
[Site "Kavala GRE"]
[Date "2004.08.05"]
[Round "7"]
[White "Kotronias,V"]
[Black "Lupulescu,C"]
[Result "1-0"]
[WhiteElo "2608"]
[BlackElo "2555"]

1.e4 c5 2.Nf3 d6 3.d4 cxd4 4.Nxd4 Nf6 5.Nc3 Nc6 6.Bg5 e6 7.Qd2 a6 8.O-O-O Nxd4
9.Qxd4 Be7 10.f4 b5 11.Bxf6 gxf6 12.f5 Qc7 13.Be2 Qc5 14.Qxc5 dxc5 15.fxe6 fxe6
16.Bh5+ Kf8 17.e5 f5 18.g4 Ra7 19.gxf5 exf5 20.Nd5 Bg5+ 21.Kb1 Be6 22.b3 c4
23.Rhg1 Rg7 24.Nc7 Rxc7 25.Rxg5 Rc8 26.Rd6 Rg8 27.Rxg8+ Bxg8 28.Rxa6 Rc5
29.Rf6+ Ke7 30.Rxf5 Be6 31.b4 Rd5 32.Bf3 Rd4 33.Rg5 c3 34.a3 Rh4 35.Rg7+ Kd8
36.Rg2 Rf4 37.Rg3 Rf5 38.Kc1 Bc4 39.Kd1 Rxe5 40.Ba8 Rf5 41.Rxc3 Rf1+ 42.Kd2 Rf2+
43.Kc1 Rxh2 44.a4 Rh6 45.axb5 Bxb5 46.Rc5 Rb6 47.Be4 Be8 48.c3 h5 49.Kd2 h4
50.Bf5 Rh6 51.Bh3 Rg6 52.Rd5+ Kc7 53.Rd4 Rh6 54.c4 Rb6 55.Kc3 Rh6 56.b5 Rh5
57.Kb4 Rh6 58.c5 Rf6 59.Rxh4 Rf2 60.Rh7+ Kd8 61.c6 Rc2 62.Bd7  1-0

[Event "Open"]
[Site "Kavala GRE"]
[Date "2004.08.07"]
[Round "9"]
[White "Szabo,Zso2"]
[Black "Lupulescu,C"]
[Result "1-0"]
[WhiteElo "2437"]
[BlackElo "2555"]

1.e4 c5 2.Nf3 d6 3.d4 cxd4 4.Nxd4 Nf6 5.Nc3 Nc6 6.Bg5 e6 7.Qd2 a6 8.O-O-O Bd7
9.f3 Be7 10.Be3 h5 11.Kb1 b5 12.Nxc6 Bxc6 13.Ne2 Bd7 14.g3 Rb8 15.h3 b4 16.Rg1 e5
17.g4 Be6 18.g5 Nd7 19.g6 O-O 20.gxf7+ Rxf7 21.Ng3 Qa5 22.b3 Nc5 23.Bxc5 Qxc5
24.Bd3 Kh7 25.Nxh5 g6 26.f4 Rg8 27.f5 gxh5 28.Rxg8 Kxg8 29.fxe6 Rg7 30.Bxa6 Rg1
31.Bc4 Kg7 32.Qc1 Rxd1 33.Qxd1 Bf6 34.a4 bxa3 35.Ka2 Kg6 36.Qd3 Qg1 37.Qf1 Qd4
38.Kxa3 Kg7 39.Qg2+ Kf8 40.Ka2 Ke7 41.Qg6 d5 42.Qf7+ Kd6 43.Qxf6 Qa7+ 44.Kb1 dxc4
45.e7+  1-0

[Event "14th Open"]
[Site "Abu Dhabi UAE"]
[Date "2004.08.16"]
[Round "3"]
[White "Neelotpal,D"]
[Black "Timofeev,Arty"]
[Result "0-1"]
[WhiteElo "2448"]
[BlackElo "2611"]

1.e4 c5 2.Nf3 d6 3.d4 cxd4 4.Nxd4 Nf6 5.Nc3 Nc6 6.Bg5 e6 7.Qd2 a6 8.O-O-O Bd7
9.f3 Be7 10.h4 h6 11.Be3 h5 12.Kb1 Qc7 13.Bd3 Ne5 14.Bg5 b5 15.Rhe1 Rc8 16.a3 Qb6
17.Bf1 O-O 18.f4 Nc4 19.Bxc4 Rxc4 20.g4 a5 21.e5 b4 22.Na2 bxa3 23.b3 dxe5
24.fxe5 Nd5 25.Bxe7 Nxe7 26.gxh5 a4 27.Ka1 Nc6 28.Nxc6 Bxc6 29.Rg1 Rxc2 30.Qxc2 axb3
31.Qe2 bxa2 32.h6 Rb8 33.Rxg7+ Kh8 34.Qxa2 Qb2+ 35.Qxb2 axb2+ 36.Ka2 Bd5+
37.Ka3 b1=Q 38.Rxb1 Rxb1 39.Rxf7 Re1  0-1

[Event "RUS-CHN"]
[Site "Moscow RUS"]
[Date "2004.08.16"]
[Round "6"]
[White "Shen Yang"]
[Black "Malysheva,P"]
[Result "1-0"]
[WhiteElo "2263"]
[BlackElo "2364"]

1.e4 c5 2.Nf3 d6 3.d4 cxd4 4.Nxd4 Nf6 5.Nc3 Nc6 6.Bg5 e6 7.Qd2 a6 8.O-O-O Bd7
9.f4 Be7 10.Nf3 b5 11.Bxf6 gxf6 12.Bd3 Qb6 13.f5 O-O-O 14.Kb1 Kb8 15.Qh6 b4
16.Ne2 e5 17.Bc4 Rdf8 18.Ng3 Na5 19.Bd5 Qc5 20.Nh5 Rc8 21.Ne1 Nc4 22.Nxf6 Bxf6
23.Bxc4 Qxc4 24.Qxf6 Qxe4 25.Rxd6 Qxf5 26.Rb6+ Kc7 27.Qd6+ Kd8 28.Nd3 Re8
29.Nc5 Re7 30.Rd1 Ke8 31.Rb8 Rxb8 32.Qxb8+ Bc8 33.Ne4 Kf8 34.Nd6  1-0

[Event "Knjaz Milos Jezero Open"]
[Site "Belgrade SCG"]
[Date "2004.08.17"]
[Round "1"]
[White "Djumic,D"]
[Black "Klasan,V"]
[Result "0-1"]
[WhiteElo "2042"]
[BlackElo "2166"]

1.e4 c5 2.Nf3 d6 3.d4 cxd4 4.Nxd4 Nf6 5.Nc3 Nc6 6.Bg5 e6 7.Qd2 Be7 8.O-O-O O-O
9.Kb1 Nxd4 10.Qxd4 Qa5 11.f4 Rd8 12.e5 dxe5 13.Qxe5 Rxd1+ 14.Nxd1 Qb6 15.Qb5 Bd7
16.Qxb6 axb6 17.Bd3 Bc6 18.Re1 Bxg2 19.f5 Bd8 20.fxe6 fxe6 21.Rxe6 Bd5 22.Re1 Bxa2+
23.Kc1 Bf7 24.Nc3 Ra1+ 25.Kd2 Rxe1 26.Kxe1 Bc7 27.h4 Be5 28.Kf1 Nd5 29.Nxd5 Bxd5
30.c4 Bc6 31.b4 Bd4 32.b5 Bd7 33.Ke2 h6 34.Bd8 Bg4+ 35.Kd2 Kf7 36.Be4 Ke8
37.Bc7 Kd7 38.Bg3 Kc8 39.Kd3 Bf6 40.Bg6 Kd7 41.Be4 Kc8 42.Bg6 Bh3 43.Kc2 Bf1
44.Kb3 Bg2 45.Kc2 Kd7 46.Kb3 Bd4 47.Kc2 Ke6 48.Kd3 Be5 49.Bxe5 Kxe5 50.Ke3 Bf1
51.Bf7 g5 52.hxg5 hxg5 53.Kf2 Bh3 54.Bd5 Be6 55.Bxb7 Bxc4 56.Bc6 Bd5 57.Be8 Kf4
58.Kg1 g4 59.Bd7 g3 60.Kf1 Ke5 61.Be8 Kd6 62.Ke1 Bc4 63.Bc6 Kc5 64.Kd2 Bxb5  0-1

[Event "Open A"]
[Site "Riga LAT"]
[Date "2004.08.17"]
[Round "5"]
[White "Sulskis,S"]
[Black "Lutsko,I"]
[Result "1-0"]
[WhiteElo "2557"]
[BlackElo "2519"]

1.e4 c5 2.Nf3 d6 3.d4 cxd4 4.Nxd4 Nf6 5.Nc3 Nc6 6.Bg5 e6 7.Qd2 a6 8.O-O-O Bd7
9.f4 h6 10.Bh4 b5 11.Qe1 Nxd4 12.Rxd4 Qb6 13.a3 g5 14.Bf2 Ng4 15.Bg1 gxf4
16.e5 Nxe5 17.Ne4 Qc7 18.Nf6+ Kd8 19.Nxd7 Nxd7 20.Rxf4 Rc8 21.c4 Ne5 22.Kb1 Nxc4
23.Bxc4 bxc4 24.Bd4 Rh7 25.Rhf1 d5 26.Rf6 Be7 27.R6f3 Kd7 28.Rxf7 Rxf7 29.Rxf7 Qxh2
30.Bf6 Re8 31.Qb4 Qd6 32.Qb7+ Kd8 33.Bxe7+  1-0

[Event "ch-ESP Abierto"]
[Site "Seville ESP"]
[Date "2004.08.17"]
[Round "5"]
[White "Fidalgo Fernandez,J"]
[Black "Buenafe,J"]
[Result "1/2-1/2"]
[WhiteElo "2071"]
[BlackElo "2306"]

1.e4 c5 2.Nf3 Nf6 3.Nc3 Nc6 4.d4 cxd4 5.Nxd4 d6 6.Bg5 e6 7.Qd2 Be7 8.f4 a6
9.O-O-O O-O 10.g4 Nxd4 11.Qxd4 Ne8 12.Bxe7 Qxe7 13.Qe3 Bd7 14.Bd3 Bc6 15.Rhg1 b5
16.g5 g6 17.Qh3 Qb7 18.e5 dxe5 19.fxe5 b4 20.Nb1 Be4 21.Qh4 Bxd3 22.Rxd3 Qc7
23.Re1 Rc8 24.c3 bxc3 25.Nxc3 Ng7 26.Rh3 Nh5 27.Kb1 Rfd8 28.Qf2 Qc5 29.Rhe3 Rd4
30.Rc1 Rf4 31.Qe1 h6 32.gxh6 Kh7 33.Re4 Qf2 34.Rxf4 Qxf4 35.Qe2 Qf5+ 36.Ka1 Nf4
37.Qxa6 Rc5 38.Qa8 Qxe5 39.Qf8 Nd3 40.Qxf7+ Kxh6 41.Rg1 Qf5 42.Qg8 Qf6 43.Qb8 Rg5
44.Rxg5 Qf1+ 45.Nb1 Kxg5 46.Qg3+ Kf6 47.Qe3 e5 48.h4 Ne1 49.Qe4 Qh1 50.Qe2 e4
51.a4 Nd3 52.a5 Qxh4 53.Nc3 Qh1+ 54.Qd1 Qxd1+ 55.Nxd1 Nb4 56.Kb1 g5 57.Kc1 g4
58.Kd2 Ke5 59.Ke2 g3 60.Ne3 Kf4 61.Ng2+ Kf5 62.Ne3+ Ke5 63.Ng2 Kd6 64.Ke3  1/2-1/2

[Event "14th Open"]
[Site "Abu Dhabi UAE"]
[Date "2004.08.18"]
[Round "5"]
[White "Ramesh,R"]
[Black "Timofeev,Arty"]
[Result "1-0"]
[WhiteElo "2484"]
[BlackElo "2611"]

1.e4 c5 2.Nf3 d6 3.d4 cxd4 4.Nxd4 Nf6 5.Nc3 Nc6 6.Bg5 e6 7.Qd2 a6 8.O-O-O Bd7
9.f3 Be7 10.Be3 h5 11.h3 b5 12.Nxc6 Bxc6 13.Ne2 Bb7 14.Nd4 Nd7 15.Kb1 Rc8
16.Bd3 Ne5 17.Rhe1 Qc7 18.Bg5 O-O 19.g4 Bxg5 20.Qxg5 Qb6 21.Be2 Rc5 22.Qd2 d5
23.gxh5 dxe4 24.fxe4 Bxe4 25.Rg1 f6 26.Qe3 Bh7 27.h6 g5 28.h4 Nf7 29.Bd3 Re5
30.Bxh7+ Kxh7 31.Qd3+ Kxh6 32.hxg5+ Nxg5 33.Rh1+ Kg7 34.Rdg1 Rg8 35.Nc6 Re1+
36.Rxe1 Qxc6 37.Reg1 Kf7 38.Rh7+ Rg7 39.Rh8 Qc7 40.Rd8 Qc6 41.a3 Ke7 42.Rd1 Kf7
43.Rf1 Ne4 44.Re1 f5 45.Qd4 Rg2 46.Rd1 Qxc2+ 47.Ka1 Nf6 48.Rf8+  1-0

[Event "Open A"]
[Site "Riga LAT"]
[Date "2004.08.19"]
[Round "7"]
[White "Lanka,Z"]
[Black "Lutsko,I"]
[Result "1/2-1/2"]
[WhiteElo "2446"]
[BlackElo "2519"]

1.e4 c5 2.Nf3 d6 3.d4 cxd4 4.Nxd4 Nf6 5.Nc3 Nc6 6.Bg5 e6 7.Qd2 a6 8.O-O-O Bd7
9.f3 h6 10.Be3 b5 11.Nxc6 Bxc6 12.Ne2 Bb7 13.Kb1 Nd7 14.Nd4 Rc8 15.h4 h5
16.g3 d5 17.Bg5 Qc7 18.exd5 Bxd5 19.Bh3 Bc5 20.Bf4 Qb7 21.g4 hxg4 22.Bxg4 Nf6
23.Rhg1 Nxg4 24.Rxg4 Rd8 25.Nb3 Be7 26.Qc3 Bf6 27.Be5 Bxb3 28.Rxd8+ Bxd8
29.axb3 f6 30.Bd6 Rh5 31.Qe1 Qd7 32.Qg3 g5 33.hxg5 Rxg5 34.Rxg5 fxg5 35.Qe5 Bf6
36.Qh2 Qc6 37.Qh5+ Kd8 38.Bb4 Qe8 39.Qh7 Qd7 40.Qg6 Be7 41.Bc3 b4 42.Qg8+ Kc7
43.Be5+ Kc6 44.Ka2 Bd8 45.Bg3 Kb7 46.Qg6 Qd5 47.Qf7+ Kc8 48.Qa7 a5 49.Bh2 Qc6
50.Kb1 Qd5 51.Bg3 Qd1+ 52.Ka2 Qd5 53.Bh2  1/2-1/2

[Event "Open A"]
[Site "Riga LAT"]
[Date "2004.08.21"]
[Round "9"]
[White "Rytshagov,M"]
[Black "Lutsko,I"]
[Result "1-0"]
[WhiteElo "2461"]
[BlackElo "2519"]

1.e4 c5 2.Nf3 d6 3.d4 cxd4 4.Nxd4 Nf6 5.Nc3 Nc6 6.Bg5 e6 7.Qd2 a6 8.O-O-O Bd7
9.f4 b5 10.Bxf6 gxf6 11.Nxc6 Bxc6 12.Bd3 Qb6 13.Rhe1 Be7 14.Qe2 Ra7 15.Qh5 b4
16.Ne2 Qc5 17.f5 e5 18.Ng3 a5 19.b3 a4 20.Bc4 Rf8 21.Kb1 Qa5 22.Re2 Bb7 23.Qxh7 Ba6
24.Bxa6 Qxa6 25.Qh6 Rc7 26.Qd2 Rc3 27.Re3 Rxe3 28.Qxe3 Kd7 29.Qd3 Qb6 30.Nf1 axb3
31.cxb3 Rc8 32.Ne3 Qc5 33.Nd5 Bd8 34.Qd2 Rb8 35.Rc1 Qa7 36.Nxb4 Qa5 37.Rc4 Bb6
38.Qd5  1-0

[Event "ch-FRA w"]
[Site "Val d'Isere FRA"]
[Date "2004.08.22"]
[Round "7"]
[White "Cochet,C"]
[Black "Muller,A"]
[Result "1-0"]
[WhiteElo "2071"]
[BlackElo "2175"]

1.e4 c5 2.Nf3 d6 3.d4 cxd4 4.Nxd4 Nf6 5.Nc3 Nc6 6.Bg5 e6 7.Qd2 a6 8.O-O-O Bd7
9.f3 h6 10.Be3 Qc7 11.Kb1 Na5 12.g4 b5 13.Bd3 Nc4 14.Bxc4 Qxc4 15.h4 g6 16.g5 hxg5
17.Bxg5 Nh5 18.Nce2 a5 19.Rhg1 b4 20.Ng3 Nxg3 21.Rxg3 e5 22.Ne2 Be6 23.b3 Qc6
24.Bf6 Rh5 25.f4 Be7 26.fxe5 dxe5 27.Bxe7 Kxe7 28.Rd3 Rc8 29.Ng3 Rhh8 30.Qg5+ f6
31.Qxg6 Qxc2+ 32.Ka1 Rhd8 33.Nf5+ Bxf5 34.Qg7+ Ke8 35.Rxd8+ Rxd8 36.Qg8+  1-0

[Event "Paks Cup GM"]
[Site "Paks HUN"]
[Date "2004.08.25"]
[Round "5"]
[White "Toth,An1"]
[Black "Paschall,W"]
[Result "1-0"]
[WhiteElo "2429"]
[BlackElo "2389"]

1.e4 c5 2.Nf3 Nc6 3.d4 cxd4 4.Nxd4 Nf6 5.Nc3 d6 6.Bg5 e6 7.Qd2 Qb6 8.Bxf6 gxf6
9.Nb3 a6 10.Be2 Bd7 11.f4 O-O-O 12.Bh5 Be8 13.O-O-O Kb8 14.Kb1 Na5 15.Nxa5 Qxa5
16.f5 Rc8 17.Qd3 Be7 18.Ne2 Bb5 19.Qd2 Qxd2 20.Rxd2 Rhf8 21.Nd4 Bd7 22.Bxf7 e5
23.Be6 Bxe6 24.Nxe6 Rg8 25.Re1 Rg4 26.Re3 Rcg8 27.a4 h5 28.h3 Rxg2 29.Rxg2 Rxg2
30.Rc3 d5 31.exd5 Bd6 32.Rd3 a5 33.Rb3 Ka7 34.Kc1 h4 35.Re3 Rf2 36.Ng7 Bf8
37.d6 Bxd6 38.Re4 Bf8 39.Ne6 Bh6+ 40.Kd1 Rxf5 41.Rxh4 Be3 42.Re4 Bf2 43.Ke2 Bb6
44.c4 Rf2+ 45.Ke1 Rc2 46.Kd1 Rh2 47.c5 Rxh3 48.Kc2 Ka6 49.Rg4 Rh7 50.cxb6 Kxb6
51.Kc3 Re7 52.Ng7 Rc7+ 53.Kd3 Rc6 54.Nf5 Re6 55.Rc4 Ka6 56.Ne3 b5 57.Rc5 Rd6+
58.Kc3 e4 59.axb5+ Kb6 60.Kc4 Re6 61.Nd5+ Kb7 62.Rc7+ Kb8 63.Rc6  1-0

[Event "Paks Cup GM"]
[Site "Paks HUN"]
[Date "2004.08.28"]
[Round "8"]
[White "Anka,E"]
[Black "Pataki,G"]
[Result "1-0"]
[WhiteElo "2407"]
[BlackElo "2390"]

1.e4 c5 2.Nf3 Nc6 3.d4 cxd4 4.Nxd4 Nf6 5.Nc3 d6 6.Bg5 e6 7.Qd2 a6 8.O-O-O h6
9.Be3 Be7 10.f3 Nxd4 11.Qxd4 b5 12.Kb1 Bb7 13.h4 Rb8 14.g4 e5 15.Qd2 b4 16.Nd5 Nxd5
17.exd5 Bc8 18.Bd3 a5 19.Qg2 a4 20.f4 a3 21.fxe5 dxe5 22.g5 h5 23.g6 f6 24.d6 Bxd6
25.Qd5 Qc7 26.Bb5+ Rxb5 27.Qxb5+ Ke7 28.Rxd6 Kxd6 29.Qxb4+ Ke6 30.Qb3+ Kf5
31.Qd3+ Ke6 32.Qxa3 Bb7 33.Rd1 Rc8 34.Qd3 Qc6 35.Bc5 e4 36.Qh3+ f5 37.Rd6+ Qxd6
38.Bxd6 Kxd6 39.Qxf5 Re8 40.Kc1 e3 41.Kd1 e2+ 42.Ke1 Re5 43.Qf8+ Re7 44.c4 Kd7
45.b4 Bg2 46.b5 Bf1 47.c5 Re3 48.Qxg7+ Ke6 49.Qf7+ Ke5 50.Qe7+ Kd4 51.Qxe3+ Kxe3
52.g7  1-0

[Event "4th Botvinnik Mem"]
[Site "Satka RUS"]
[Date "2004.08.29"]
[Round "3"]
[White "Klovans,J"]
[Black "Chernikov,O"]
[Result "1/2-1/2"]
[WhiteElo "2456"]
[BlackElo "2412"]

1.e4 c5 2.Nf3 Nc6 3.d4 cxd4 4.Nxd4 Nf6 5.Nc3 d6 6.Bg5 e6 7.Qd2 Nxd4 8.Qxd4 Bd7
9.O-O-O Bc6 10.e5 dxe5 11.Qxe5 Nd7 12.Qg3 Qa5 13.Bd2 Rc8 14.Bc4 Qh5 15.Rhe1 Qg6
16.Qf4 Be7 17.Bd3 Qf6 18.Be4  1/2-1/2